| 000 | 00456nam a22001697a 4500 | ||
|---|---|---|---|
| 003 | NUST - PNEC | ||
| 005 | 20170116180931.0 | ||
| 008 | 150906b xxu||||| |||| 00| 0 eng d | ||
| 020 | _a0201508036 | ||
| 040 | _cLIBRARY | ||
| 082 | _a621.367 GON | ||
| 100 |
_98299 _aGonzalez, Rafael C. |
||
| 245 |
_aDigital image processing _cRafael C. Gonzalez |
||
| 260 | _cc.1992 | ||
| 650 |
_98300 _aImage processing--Digital techniques _xGeneral |
||
| 942 |
_2ddc _cBK |
||
| 999 |
_c65931 _d65931 |
||